Land, custom and practice in the South Pacific

Αποθηκεύτηκε σε:
Λεπτομέρειες βιβλιογραφικής εγγραφής
Άλλοι συγγραφείς: Ward, R. Gerard (Επιμελητής έκδοσης), Kingdon, Elizabeth, 1949- (edtf)
Μορφή: Βιβλίο
Γλώσσα:English
Δημοσίευση: Cambridge : Cambridge University Press, c1995.
Σειρά:Cambridge Asia-Pacific studies
Θέματα:
Ετικέτες: Προσθήκη ετικέτας
Δεν υπάρχουν, Καταχωρήστε ετικέτα πρώτοι!

MARC

LEADER 00000cam a2200000 i 4500
001 1/92
008 000403s1995 enk| ||| |||| ||eng||
020 |a 052147289X 
035 |l 10059534 
040 |a GR-MyUa  |b gre  |e AACR2 
041 0 |a eng 
082 7 |a 333.3099   |2 (22) 
245 1 0 |a Land, custom and practice in the South Pacific /   |c edited by R. Gerard Ward and Elizabeth Kingdon. 
260 |a Cambridge :   |b Cambridge University Press,   |c c1995. 
300 |a 290 σ. :   |b εικ., ;   |c 24 εκ. 
490 1 |a (Cambridge Asia-Pacific studies) 
504 |a Περιλαμβάνει βιβλιογραφικές παραπομπές και ευρετήριο. 
650 0 |a Land tenure  |z Islands of the Pacific. 
650 0 |a Land tenure  |z Oceania. 
651 0 |a Islands of the pacific  |x Social conditions. 
651 0 |a Oceania  |x Social conditions. 
700 1 |a Ward, R. Gerard,  |e edt 
700 1 |a Kingdon, Elizabeth,   |d 1949-  |e edtf 
830 0 |a Cambridge Asia-Pacific studies 
852 |a INST  |b LESVOS  |e 20000403  |h 333.3099 LAN  |p 005100020314  |q 005100020314  |t BK  |y 0 
901 |a BIBL1-2000-1 
922 |a 1ΕΛΗ  |b 200003  |c ΚΠΣ/ΤΓ  |d LEADER 
950 |a 118-1999-09-20 
970 |a ΜΟΥΣΤΑΚΑ  |b ΠΗΝΕΛΟΠΗ  |z 2000/04/07